000 01687nam a2200457 i 4500
999 _c50230
_d50230
001 50230
003 ES-MaCES
005 20210715120408.0
008 171120s2016 sp | ||||o000 0|spa |
017 _aM 34649-2016
_bDL
020 _a97884773515337
020 _a9788473515542 (formato electrónico)
024 7 _a635-16-049-2
_2nipo
024 7 _a635-16-050-5 (formato electrónico)
_2nipo
040 _aES-MaCES
_bspa
_cES-MaCES
_erdc
100 1 _938723
_aBallart, Xavier
245 1 3 _aLa motivación en los servicios públicos
_b: análisis empírico de sus antecedentes y de sus efectos
_cXavier Ballart, Guillem Rico, Guillem Ripoll
250 _a1ª ed
260 _aMadrid
_bInstituto Nacional de Administración Pública
_c2016
300 _a144 p.
_c24 cm
490 1 _aInnap investiga. Investigación en las Administraciones Públicas
504 _aBibliografía: p. 107-114
541 0 _cGratuito
650 4 _aadministración pública
_927214
650 4 _aservicios públicos
_927230
650 4 _afuncionario
_927224
650 4 _amotivación
_927274
650 4 _asatisfacción en el trabajo
_928342
650 4 _ahabilidad en comunicación
_930427
650 4 _asistema de valores
_929392
650 4 _aadministración de personal
_928216
650 4 _aadministración de recursos humanos
_930474
650 4 _aEspaña
_926964
653 _aAdministración-Instituciones públicas
700 1 _938724
_aRico, Guillem
700 1 _938725
_aRipoll, Guillem
710 2 _94265
_aInstituto Nacional de Administración Pública (España)
_eed.
830 0 _aColección INNAP Innova
_939064
902 _aLIB Libro
942 _2CES
_cBK
_h6.3.